Inventario de organizaciones en juventud de América Latina y el Caribe : período 2007-2008 /

FLACSO y el Colectivo Latinoamericano de Jóvenes Promotores en Juventud, presentaron el primer reporte de la serie Colectivo Latinoamericano de Juventud, en donde se entrega el Inventario de Organizaciones en Juventud de América Latina y el Caribe correspondiente al periodo 2007-2008. Esta sistemati...

Full description

Bibliographic Details
Other Authors: Krauskopf, Dina (coord.)
Format: Libro
Language:Spanish
Published: Santiago, Chile FLACSO 2008
Edition:1a. ed.
Series:RCLJ 1
Subjects:

MARC

LEADER 00000cam a2200000 a 4500
001 004844
003 UAHC_CL
005 20170803120059.0
008 100127s2008 cl 000 spa
040 |a UAHC_CL  |c UAHC_CL  |d UAHC_CL 
082 0 4 |a 305.23098  |b I62  |2 20 
245 1 0 |a Inventario de organizaciones en juventud de América Latina y el Caribe :  |b período 2007-2008 /  |c coordinación Dina Krauskopf. 
250 |a 1a. ed. 
260 |b FLACSO  |a Santiago, Chile  |c 2008 
300 |a 114 p. 
490 0 |a RCLJ  |v 1 
520 |a FLACSO y el Colectivo Latinoamericano de Jóvenes Promotores en Juventud, presentaron el primer reporte de la serie Colectivo Latinoamericano de Juventud, en donde se entrega el Inventario de Organizaciones en Juventud de América Latina y el Caribe correspondiente al periodo 2007-2008. Esta sistematización permite una aproximación nacional y regional a la capacidad permanente y sustentable de apoyo y aporte organizado en la sociedad civil para la promoción de avances en juventud. El documento presenta los objetivos de las organizaciones y las actividades de las organizaciones. 
650 4 |a ORGANIZACIONES JUVENILES  |z AMERICA LATINA  |v DIRECTORIOS 
650 4 |a JUVENTUD  |z CARIBE (REGION)  |v DIRECTORIOS 
650 4 |a JUVENTUD  |z AMERICA LATINA  |v DIRECTORIOS 
650 4 |a ORGANIZACIONES JUVENILES  |z CARIBE (REGION)  |v DIRECTORIOS 
653 |a SOCIOLOGIA 
700 1 |a Krauskopf, Dina  |e coord. 
900 |a 305.23098 INV 
942 |c BK 
952 |0 0  |1 0  |4 0  |6 305_230980000000000_INV  |7 0  |8 General  |9 10781  |a BC  |b BC  |c General  |d 2017-08-03  |l 0  |o 305.23098 INV  |p 1376101  |r 2026-01-13 00:00:00  |t 1  |w 2017-08-03  |y BK 
999 |c 4844  |d 4844